TEMPEL DER AGYPTISCHEN GOTTER IN GRIECHENLAND UND AN DER WESTKUSTE KLEINASIENS / (Record no. 10834)
[ view plain ]
| 000 -الفاتح | |
|---|---|
| حقل البيانات ثابتة الطول | 00469nam a2200169Ia 4500 |
| 040 ## - مصدر الفهرسة | |
| وكالة الفهرسة الأصلية | GCL / |
| وكالة النسخ | GCL |
| 082 04 - رقم تصنيف ديوى العشرى | |
| رقم التصنيف | CC |
| رقم المادة | 932 |
| -- | T T |
| 100 1# - المدخل الرئيسى - إسم شخصى | |
| الإسم الشخصى | TRAPPMANN, REGINA SALDITT |
| 245 10 - بيان العنوان | |
| العنوان | TEMPEL DER AGYPTISCHEN GOTTER IN GRIECHENLAND UND AN DER WESTKUSTE KLEINASIENS / |
| بيان المسئوليه,etc | TRAPPMANN, REGINA SALDITT |
| 260 ## - PUBLICATION, DISTRIBUTION, ETC. (IMPRINT) | |
| تاريخ النشر أو التوزيع | 1970 |
| 300 ## - الوصف المادى | |
| التعداد | 68 P |
| 650 04 - المدخل الاضافى بالموضوع-مصطلح موضوعى | |
| مصطلح موضوعي | ANCIENT EGYPT |
| 650 04 - المدخل الاضافى بالموضوع-مصطلح موضوعى | |
| مصطلح موضوعي | EGYPTOLOGY |
| 650 04 - المدخل الاضافى بالموضوع-مصطلح موضوعى | |
| مصطلح موضوعي | TEMPLES |
| 942 ## - عناصر المدخل الإضافي( كوها) | |
| مصدر التصنيف او مخطط الترفيف | Dewey Decimal Classification |
| Koha [default] item type | كتاب |
| 260 ## - PUBLICATION, DISTRIBUTION, ETC. (IMPRINT) | |
| -- | [S.N] : |
| -- | E. J. BRILL ، |
| حالة التراجع | حالة الفقد | حالة تلف | ليس للاعارة | المكان المؤقت | الموقع الحالى | تاريخ الاكتساب | اجمالي اﻻعارات | رقم الطلب | الباركود | تاريخ اخر مشاهدة | تاريخ تفعيل السعر | نوع وعاء كوها |
|---|---|---|---|---|---|---|---|---|---|---|---|---|
| مكتبة القاهرة الكبرى | مكتبة القاهرة الكبرى | 03/26/2014 | CC\932\T T | 21745 | 03/26/2014 | 03/26/2014 | كتاب |

